Композиторы Российской Федерации. Вып.2 (Запись № 7017620)

Подробности
000 -МАРКЕР
контрольное поле 01063nam2a22002411 4500
001 - ИДЕНТИФИКАТОР ЗАПИСИ
контрольное поле rc\1107603
005 - ИДЕНТИФИКАТОР ВЕРСИИ
контрольное поле 20250621234026.0
035 ## - ДРУГИЕ СИСТЕМНЫЕ НОМЕРА
Идентификатор записи (NLR Aleph) 005979907
100 ## - ДАННЫЕ ОБЩЕЙ ОБРАБОТКИ
Данные общей обработки 20041126d1982 |||y0rusy50 ca
101 0# - ЯЗЫК РЕСУРСА
Язык текста, звукозаписи и т.д. русский
102 ## - СТРАНА ПУБЛИКАЦИИ ИЛИ ПРОИЗВОДСТВА
Страна публикации Российская Федерация
105 ## - ПОЛЕ КОДИРОВАННЫХ ДАННЫХ: ТЕКСТОВЫЕ МАТЕРИАЛЫ, МОНОГРАФИЧЕСКИЕ
Кодированные данные о монографическом текстовом документе a |||||||||
200 0# - ЗАГЛАВИЕ И СВЕДЕНИЯ ОБ ОТВЕТСТВЕННОСТИ
Основное заглавие Вып.2
210 ## - ПУБЛИКАЦИЯ, РАСПРОСТРАНЕНИЕ И ДР.
Дата издания, распространения и т.д. 1982
Место издания, распространения и т.д. Б. м.
215 ## - ФИЗИЧЕСКАЯ ХАРАКТЕРИСТИКА
Специфическое обозначение материала и объем 288 с.
Другие сведения о физической характеристике портр., нот. ил.
300 ## - ОБЩИЕ ПРИМЕЧАНИЯ
Текст примечания С Вып. 3 (1984) хранится в журн. фонде (ш. П 31/425) см. каталог период. изд.
461 #0 - УРОВЕНЬ НАБОРА
Встроенное поле 001rc\1189378
-- 2001#$aКомпозиторы Российской Федерации$eСб. статей$f[Союз композиторов РСФСР$gРед.-сост. В.И. Казенин]$vВып.2
Системный номер (АБИС) связанной записи 6962228
Место публикации М.
Дата публикации 1981
Первые сведения об ответственности [Союз композиторов РСФСР
Имя издателя, распространителя и т.д. Сов. композитор
Сведения, относящиеся к заглавию Сб. статей
Заглавие Композиторы Российской Федерации
Номер тома Вып.2
801 #0 - ИСТОЧНИК ЗАПИСИ
Страна Российская Федерация
Организация NLR
Правила каталогизации psbo
801 #1 - ИСТОЧНИК ЗАПИСИ
Страна Российская Федерация
Организация ELAR
Источник данных rusmarc
852 ## - МЕСТОНАХОЖДЕНИЕ И ШИФР ХРАНЕНИЯ
Идентификатор организации NLR
Шифр хранения (Call Number) 81-2/2922
942 ## - ДОПОЛНИТЕЛЬНЫЕ ЭЛЕМЕНТЫ ЗАПИСИ (АБИС)
Тип экземпляра АБИС Книга
980 ## - КОЛЛЕКЦИЯ
Название коллекции Национальная библиография
Экземпляры
Тип экземпляра Дата поступления Библиотека постоянного хранения Библиотека текущего хранения Место хранения Шифр хранения Штрих-код Статус экземпляра
Книга 26.10.2013 РНБ (Московский) РНБ (Московский) Русский книжный фонд: издания с 1957 года 81-2/2922 1-1502740